000 00702nam a2200205Ii 4500
003 JO-AjNU
008 230605s9999||||xx |||||||||||||| ||und||
040 _aJO-AjNU
_bara
_erda
_cJO-AjNU
041 _aara
050 1 4 _aKMM50.5 2004
100 3 _aمجلس الوزراء، الفتوى والتشريع، الكويت,
_eauthor
_946674
245 0 0 _aالقانون المدني والتشريعات المكملة له
250 _aط7
264 3 1 _aالكويت: مجلس الوزراء، 2004
300 _a377ص
336 _atext
_btxt
_2rdacontent
337 _aunmediated
_bn
_2rdamedia
338 _avolume
_bnc
_2rdacarrier
650 4 _aالكويت - القانون المدني
_946675
999 _aA20323
_c23891
_d23891